Quizzes
Events
Quiz Creation
Community
Videos
Private Events
Remove Ads
Sign In
Join for FREE
Feedback
Dark Mode
Quiz Categories
Sports
Geography
Music
Movies
Television
Just For Fun
Miscellaneous
History
Literature
Language
Science
Gaming
Entertainment
Religion
Holiday
For Kids
Quiz Lab
Recent
Popular Today
Quiz Kudos Today
Editor Picks
Curator Picks
Quizzes by...
Day
Popularity
Type
Ratings
Length
Year
Community
Subscriptions
Recent Discussions
Orange Saloon
Badges
Playlists
Quests
Create
Leaderboards
Showdown
Live 5
Trivia Bingo
Activity
Puzzle Library
Sporcle Events
Private Events
Virtual Trivia
Globe League
Become a Host
Pub Owners
SporcleCon
Opinionation
Our Games
Videos
Blog
Mobile Apps
Partnerships
Remove Ads and Go Orange
Feedback
Sports
Athletes
MLB
NBA
NHL
NFL
Soccer
Sports Teams
WWE
NCAA
Football
Premier League
Basketball
Baseball
Hockey
Golf
Tennis
Cricket
Rugby
Auto Racing
Olympics
World Cup
Sports
Athletes
MLB
NBA
NHL
NFL
Soccer
Sports Teams
WWE
NCAA
Football
Premier League
Basketball
Baseball
Hockey
Golf
Tennis
Cricket
Rugby
Auto Racing
Olympics
World Cup
Random Quiz
Search Sporcle
×
Quiz Lab
Quiz Lab
Sports
Numbers
Type in answers that appear in a list
Type in answers that appear in a list
Classic
Best Score? Go Orange.
England Test Centurions 2000-2013 Stats
Can you name the England Centurions since 2000?
By
manuger
7m
28 Questions
948 Plays
948 Plays
948 Plays
Comments
Comments
Give Quiz Kudos
Give Quiz Kudos
-
- Ratings
hide this ad
Replay
Link that replays current quiz
Next Quiz
Link to next quiz in quiz playlist
You Got
0%
They Got
Avg Score
80%
Avg Friend Score
Upgrade to see
Score Distribution
Jump to the score distribution portion of the page
Score
0/28
Timer
07:00
0
Plays Today
Number of centuries
Player
% Correct
25
Alistair Cook
99.5%
20
Andrew Strauss
99.4%
23
Kevin Pietersen
99.3%
20
Ian Bell
99.1%
18
Michael Vaughan
97.3%
14
Marcus Trescothick
97%
7
Matthew Prior
96.3%
5
Andrew Flintoff
94.5%
10
Paul Collingwood
93.4%
9
Jonathan Trott
92.9%
10
Graham Thorpe
92.2%
6
Nasser Hussain
92%
3
Alec Stewart
91.1%
1
Geraint Jones
89.9%
Number of centuries
Player
% Correct
3
Michael Atherton
88.9%
1
Stuart Broad
88.6%
2
Joe Root
87.7%
6
Mark Butcher
84.9%
1
Robert Key
83.3%
3
Ravi Bopara
79.3%
1
Graeme Hick
76.1%
1
Mark Ramprakash
74.9%
1
Tim Ambrose
70.7%
2
Eion Morgan
65.5%
1
Ben Stokes
62.8%
1
John Crawley
60.3%
2
Nick Compton
57.2%
1
Craig White
52.2%
Quiz Playlist
Details
Report
Send in Message
Add To Playlist
Classic:
Type in answers that appear in a list
Last Updated: Jan 4, 2023
Quiz Scoreboard
CHALLENGE
Sign Up to Join the Scoreboard
Show All
Scores
Hide
Comments
May contain spoilers
Recently Published
College Basketball Coaching Resumes
by pancakes188
Sports
9m
Billboard Blitz: Fleetwood Mac
by CooCooCachoo
Music
15s
Presidents Visiting Landmarks
by Hejman
History
7m
More to Explore
Quiz From the Vault
Featured Blog Post
Where Did the Easter Bunny Come From?
hide this ad
You Might Also Like...
Tags
Cricket Quiz
Numbers Quiz
2000
centurion
England
Player
score
Today's Top Quizzes in Sports
Browse Sports
hide this ad
Today's Top Quizzes in Numbers
Browse Numbers
Top Contributed Quizzes in Sports
1
2022 World Cup Stars
2
Les meilleurs buteurs des matchs entre le PSG et l’OM
3
FIFA Club World Cup Champions
4
Les entraîneurs de l'OM et du PSG au 21e siècle
5
Criteria MLB: Left Handed Sluggers
6
AFC Teams Reveal (Wrong Answers Minefield)
7
5-to-1: UK Sports Teams
8
5-to-1: FBS Animal Nicknames
9
2023 MLB Unique Player Accomplishments
10
Name the Premier League winners with different clubs
Explore More
Trending Topics
Disney
Anime
Kpop
Crossword
Marvel
Harry Potter
NBA
Song
Soccer
Country
The Office
WWE
Pokémon
Puzzle
NFL
hide this ad
More By:
manuger
Quiz
Plays
Rating
Category
Featured
Created
England Test Centurions 2000-2013
948
4.67
Sports
Mar 2, 2011
Australian Test Centurions 2000-2013
758
5.00
Sports
Mar 2, 2011
West Indies Test Centurions 2000-2013
435
5.00
Sports
Mar 5, 2011
England ODI Player since 2000
397
2.33
Sports
Feb 23, 2011
Mosconi Cup all time Players
394
5.00
Sports
May 13, 2011
Go to Creator's Profile
Score Distribution
Quiz Creator Spotlight
manuger
Follow
Send a Message
Quizzes Created
-
Created Quiz Play Count
-
More By This Creator
Popular Quizzes Today
1
Find the US States - No Outlines Minefield
2
Find the Countries of Europe - No Outlines Minefield
3
The Countries of the World
4
Find the US States
5
Risky Map Clicking: Biggest States A-Z
6
US States
7
Popular People in 1961
8
Movies - When Are They Set?
More Sports Quizzes
NHL First Overall Draft Picks (21st Century)
Curator's Pick
Trending Quizzes
Risky Map Clicking: Least Populous States A-Z
1-10 Letter G Words
1-10 Letter F Words
Risky Map Clicking: Next State Alphabetically
Risky Map Clicking: Biggest States A-Z
Recently Updated
Leaping Animals
pecheneg
Reality TV Shows (A-Z)
bhenderson79
Rickey Henderson's Hall of Fame Teammates
pecheneg
Champions League XIs: Arsenal
pecheneg
Quick Pick: Celebrities in WWE's Hall of Fame
aduchscher
A-Z Keypad Blitz II
pecheneg
Multiple Oscar Actors
pecheneg
Mystery Phrase Blitz: Oscar 'Best Actors'
pecheneg
F. Scott Fitzgerald Novels
LTH
Pick 3 Villains
ddd62291
Trending Topics
Marvel
Disney
Crossword
Harry Potter
Anime
Kpop
NBA
Puzzle
NFL
Country
Pokémon
Song
The Office
WWE
Soccer
Your Account Isn't Verified!
In order to create a playlist on Sporcle, you need to verify the email address you used during registration. Go to your
Sporcle Settings
to finish the process.
Report this User
Report this user for behavior that violates our
Community Guidelines
.
Details:
Send Report
Go to the Sporcle.com Mobile Site →
Comments